<?xml version="1.0" encoding="UTF-8"?>
<record
    xmlns:xsi="http://www.w3.org/2001/XMLSchema-instance"
    xsi:schemaLocation="http://www.loc.gov/MARC21/slim http://www.loc.gov/standards/marcxml/schema/MARC21slim.xsd"
    xmlns="http://www.loc.gov/MARC21/slim">

  <leader>00363nam a2200157Ia 4500</leader>
  <controlfield tag="008">221030s9999    xx            000 0 und d</controlfield>
  <datafield tag="020" ind1=" " ind2=" ">
    <subfield code="a">8180546297</subfield>
  </datafield>
  <datafield tag="041" ind1=" " ind2=" ">
    <subfield code="a">English</subfield>
  </datafield>
  <datafield tag="082" ind1=" " ind2=" ">
    <subfield code="a">105.23</subfield>
  </datafield>
  <datafield tag="100" ind1=" " ind2=" ">
    <subfield code="a">S. P. Gupta</subfield>
  </datafield>
  <datafield tag="245" ind1=" " ind2="0">
    <subfield code="a">Statistical Methods</subfield>
  </datafield>
  <datafield tag="260" ind1=" " ind2=" ">
    <subfield code="b">Sultan chand &amp; Sons</subfield>
    <subfield code="a">New Delhi</subfield>
    <subfield code="c">2009</subfield>
  </datafield>
  <datafield tag="300" ind1=" " ind2=" ">
    <subfield code="a">1468</subfield>
  </datafield>
  <datafield tag="650" ind1=" " ind2=" ">
    <subfield code="a">Computers</subfield>
  </datafield>
  <datafield tag="942" ind1=" " ind2=" ">
    <subfield code="c">BK</subfield>
  </datafield>
  <datafield tag="999" ind1=" " ind2=" ">
    <subfield code="c">6167</subfield>
    <subfield code="d">6167</subfield>
  </datafield>
  <datafield tag="952" ind1=" " ind2=" ">
    <subfield code="p">M 1635</subfield>
    <subfield code="g">410.00</subfield>
    <subfield code="l">1</subfield>
    <subfield code="o">105.23 </subfield>
    <subfield code="r">2025-04-02 00:00:00</subfield>
    <subfield code="s">2024-08-31</subfield>
    <subfield code="w">2022-10-30</subfield>
    <subfield code="y">BK</subfield>
    <subfield code="0">0</subfield>
    <subfield code="3">Print</subfield>
    <subfield code="4">0</subfield>
    <subfield code="7">0</subfield>
    <subfield code="a">MIETLIB</subfield>
    <subfield code="b">MIETLIB</subfield>
    <subfield code="c">BL-Academic Block B, FL-2, CUP-94, SH-4, R-4</subfield>
    <subfield code="d">2009-08-22</subfield>
    <subfield code="1">0</subfield>
    <subfield code="H">MCA</subfield>
  </datafield>
  <datafield tag="952" ind1=" " ind2=" ">
    <subfield code="p">M 1636</subfield>
    <subfield code="g">410.00</subfield>
    <subfield code="l">1</subfield>
    <subfield code="o">105.23 </subfield>
    <subfield code="q">2023-04-29</subfield>
    <subfield code="r">2023-04-18 00:00:00</subfield>
    <subfield code="s">2023-04-18</subfield>
    <subfield code="w">2022-10-30</subfield>
    <subfield code="y">BK</subfield>
    <subfield code="0">0</subfield>
    <subfield code="3">Print</subfield>
    <subfield code="4">0</subfield>
    <subfield code="7">0</subfield>
    <subfield code="a">MIETLIB</subfield>
    <subfield code="b">MIETLIB</subfield>
    <subfield code="c">BL-Academic Block B, FL-, CUP-94, SH-4, R-4</subfield>
    <subfield code="d">2009-09-24</subfield>
    <subfield code="1">0</subfield>
    <subfield code="H">MCA</subfield>
  </datafield>
  <datafield tag="952" ind1=" " ind2=" ">
    <subfield code="p">M 1637</subfield>
    <subfield code="g">410.00</subfield>
    <subfield code="l">8</subfield>
    <subfield code="o">105.23 </subfield>
    <subfield code="r">2026-06-06 10:04:59</subfield>
    <subfield code="s">2026-05-18</subfield>
    <subfield code="w">2022-10-30</subfield>
    <subfield code="y">BK</subfield>
    <subfield code="0">0</subfield>
    <subfield code="3">Print</subfield>
    <subfield code="4">0</subfield>
    <subfield code="7">0</subfield>
    <subfield code="a">MIETLIB</subfield>
    <subfield code="b">MIETLIB</subfield>
    <subfield code="c">BL-Academic Block B, FL-1, CUP-94, SH-4, R-4</subfield>
    <subfield code="d">2009-09-24</subfield>
    <subfield code="1">0</subfield>
    <subfield code="H">MCA</subfield>
  </datafield>
  <datafield tag="952" ind1=" " ind2=" ">
    <subfield code="p">M 1638</subfield>
    <subfield code="g">410.00</subfield>
    <subfield code="l">2</subfield>
    <subfield code="o">105.23 </subfield>
    <subfield code="r">2025-01-15 00:00:00</subfield>
    <subfield code="s">2025-01-10</subfield>
    <subfield code="w">2022-10-30</subfield>
    <subfield code="y">BK</subfield>
    <subfield code="0">0</subfield>
    <subfield code="3">Print</subfield>
    <subfield code="4">0</subfield>
    <subfield code="7">0</subfield>
    <subfield code="a">MIETLIB</subfield>
    <subfield code="b">MIETLIB</subfield>
    <subfield code="c">BL-Academic Block B, FL-1, CUP-94, SH-4, R-4</subfield>
    <subfield code="d">2009-09-24</subfield>
    <subfield code="1">0</subfield>
    <subfield code="H">MCA</subfield>
  </datafield>
</record>
